| 000 | 00783nam a22001817a 4500 | ||
|---|---|---|---|
| 999 |
_c59174 _d59174 |
||
| 003 | Ge_BSU | ||
| 005 | 20221202101444.0 | ||
| 008 | 221202s1970ge xxu||||| |||| 00| 0 geo d | ||
| 041 | _ageo | ||
| 080 | _a821.353.1-31 ლ-85 | ||
| 100 |
_aლორია, პარმენ. _99928 |
||
| 245 |
_aთხზულებანი : 2 ტომად _bტ. 1: განთიადი ხევში : რომანი / _cპარმენ ლორია, რედ. გ. მოისწრაფიშვილი |
||
| 264 |
_aბათუმი : _bსაბჭ. აჭარა, _c1970. |
||
| 300 |
_a463 გვ. _b20 სმ. |
||
| 653 | _aრომანი | ||
| 700 |
_aმოისწრაფიშვილი, გ _eრედაქტორი _94489 |
||
| 942 |
_2udc _cBK |
||